00349nam a2200121Ia 4500001000400000008003700004010001100041503008000052590001900132650003500151650002200186999001900208IA_220117s xx 000 0 und d a184839 aC/e \ D (ej. 2) \ I. 190971 (ej. 3) \ I. 190970 (ej. 4) \ I. 190972 (ej. 5) aQD101 A97 1970 aAnálisis químico 9145564 aChemistry9149016 c184839d184839